| 000 | 00520nam a2200181Ia 4500 | ||
|---|---|---|---|
| 003 | OSt | ||
| 005 | 20200820122121.0 | ||
| 008 | 190216s9999||||xx |||||||||||||| ||und|| | ||
| 020 | _a0852267843 | ||
| 040 | _coclc | ||
| 082 |
_a541.35 _bROH/F |
||
| 100 |
_aRohatgi, K K _94234 |
||
| 245 | 0 |
_aFundamentals Of Photochemistry / _cK K Rohatgi ; Mukherjee |
|
| 260 |
_bWiley Eastern Ltd, _c1986. _aNew Delhi: |
||
| 300 | _a371p | ||
| 650 | _aChemistry | ||
| 942 |
_cBK _2ddc _h541.35 _iROH/F _k541.35 _mROH/F |
||
| 999 |
_c2627 _d2627 |
||